Карта Адыгеи по Административно территориальное деление - Statistics

General Stats
  • This quiz has been taken 47 times
  • The average score is 4 of 9
Answers on the Map
Answers color-coded by a green-red scale on the quiz's map according to % correct below.
 
Answer Stats
Answer % Correct
Кошехабльский.Р
67%
Красногвардейский.Р
58%
Тахтамукайский.Р
50%
Адыгейск.Г
50%
Майкоп.Г
50%
Гиагинский.Р
42%
Майкопский.Р
42%
Теучежский.Р
33%
Шовгеновский.Р
17%
No matching quizzes found
Score Distribution
Percent of People with Each Score
Percentile by Number Answered
Your Score History
You have not taken this quiz